[Event "Pohár města Říčany 2018"]
[Site "Městské kulturní středisko U labutě"]
[Date "2018.08.26"]
[Round "3.7"]
[White "Petr, Jakub"]
[Black "Vavrinec, Tomas"]
[Result "1-0"]
[WhiteElo "2145"]
[BlackElo "1986"]
[PlyCount "0"]
[EventDate "2018.08.25"]

1. e4 {[%clk 01:30:51]} {[%emt 00:00:07]} e6 {[%clk 01:30:52]} {[%emt
00:00:08]} 2. d4 {[%clk 01:31:12]} {[%emt 00:00:09]} d5 {[%clk 01:31:16]}
{[%emt 00:00:07]} 3. Nd2 {[%clk 01:31:32]} {[%emt 00:00:10]} Be7 {[%clk
01:31:38]} {[%emt 00:00:09]} 4. Ngf3 {[%clk 01:31:21]} {[%emt 00:00:41]} Nf6
{[%clk 01:31:47]} {[%emt 00:00:20]} 5. Bd3 {[%clk 01:30:57]} {[%emt 00:00:55]}
c5 {[%clk 01:31:36]} {[%emt 00:00:41]} 6. c3 {[%clk 01:31:00]} {[%emt
00:00:27]} Nc6 {[%clk 01:30:34]} {[%emt 00:01:32]} 7. O-O {[%clk 01:30:13]}
{[%emt 00:01:16]} cxd4 {[%clk 01:16:02]} {[%emt 00:15:02]} 8. cxd4 {[%clk
01:30:19]} {[%emt 00:00:24]} Nb4 {[%clk 01:14:40]} {[%emt 00:01:52]} 9. Bb1
{[%clk 01:29:53]} {[%emt 00:00:56]} dxe4 {[%clk 01:09:59]} {[%emt 00:05:11]} 10.
Nxe4 {[%clk 01:30:07]} {[%emt 00:00:17]} O-O {[%clk 01:02:06]} {[%emt
00:08:23]} 11. Bd2 {[%clk 01:12:11]} {[%emt 00:18:25]} Nbd5 {[%clk 00:59:48]}
{[%emt 00:02:48]} 12. Re1 {[%clk 01:09:09]} {[%emt 00:03:32]} b6 {[%clk
00:51:53]} {[%emt 00:08:26]} 13. Qc2 {[%clk 01:05:02]} {[%emt 00:04:37]} Bb7
{[%clk 00:28:54]} {[%emt 00:23:29]} 14. Neg5 {[%clk 00:55:39]} {[%emt
00:09:53]} Rc8 {[%clk 00:28:12]} {[%emt 00:01:13]} 15. Qd3 {[%clk 00:55:32]}
{[%emt 00:00:37]} g6 {[%clk 00:28:08]} {[%emt 00:00:34]} 16. Ne5 {[%clk
00:50:14]} {[%emt 00:05:48]} Nb4 {[%clk 00:23:41]} {[%emt 00:04:56]} 17. Qh3
{[%clk 00:49:43]} {[%emt 00:01:00]} Nc2 {[%clk 00:17:14]} {[%emt 00:06:58]} 18.
Bxc2 {[%clk 00:35:18]} {[%emt 00:14:56]} Rxc2 {[%clk 00:17:32]} {[%emt
00:00:12]} 19. Bc3 {[%clk 00:30:43]} {[%emt 00:05:04]} Qd5 {[%clk 00:16:46]}
{[%emt 00:01:15]} 20. Nef3 {[%clk 00:17:35]} {[%emt 00:13:38]} Bd6 {[%clk
00:13:16]} {[%emt 00:04:00]} 21. Qh6 {[%clk 00:10:28]} {[%emt 00:07:37]} Rd8
{[%clk 00:04:03]} {[%emt 00:09:42]} 22. Re5 {[%clk 00:08:49]} {[%emt 00:02:10]}
Bxe5 {[%clk 00:03:52]} {[%emt 00:00:41]} 23. dxe5 {[%clk 00:09:15]} {[%emt
00:00:04]} Qc5 {[%clk 00:01:10]} {[%emt 00:03:12]} 24. Be1 {[%clk 00:08:54]}
{[%emt 00:00:51]} 1-0

[Event "Pohár města Říčany 2018"]
[Site "Městské kulturní středisko U labutě"]
[Date "2018.08.26"]
[Round "3.8"]
[White "Blumel, Otto"]
[Black "Vanka, Miloslav"]
[Result "1-0"]
[WhiteElo "2019"]
[BlackElo "2140"]
[PlyCount "0"]
[EventDate "2018.08.25"]

1. e4 {[%clk 01:29:36]} {[%emt 00:01:23]} c5 {[%clk 01:30:36]} {[%emt
00:00:25]} 2. Nf3 {[%clk 01:29:27]} {[%emt 00:00:38]} e6 {[%clk 01:29:48]}
{[%emt 00:01:18]} 3. d3 {[%clk 01:28:54]} {[%emt 00:01:03]} Nc6 {[%clk
01:29:41]} {[%emt 00:00:37]} 4. g3 {[%clk 01:29:14]} {[%emt 00:00:10]} d5
{[%clk 01:21:21]} {[%emt 00:08:51]} 5. Nbd2 {[%clk 01:29:35]} {[%emt 00:00:09]}
g6 {[%clk 01:21:01]} {[%emt 00:00:50]} 6. Bg2 {[%clk 01:29:48]} {[%emt
00:00:16]} Bg7 {[%clk 01:21:20]} {[%emt 00:00:12]} 7. O-O {[%clk 01:29:55]}
{[%emt 00:00:22]} Nge7 {[%clk 01:21:19]} {[%emt 00:00:32]} 8. Re1 {[%clk
01:30:03]} {[%emt 00:00:22]} O-O {[%clk 01:20:59]} {[%emt 00:00:49]} 9. e5
{[%clk 01:26:09]} {[%emt 00:04:24]} Qc7 {[%clk 01:04:26]} {[%emt 00:17:02]} 10.
Qe2 {[%clk 01:26:13]} {[%emt 00:00:26]} b6 {[%clk 01:04:46]} {[%emt 00:00:11]}
11. h4 {[%clk 01:26:28]} {[%emt 00:00:14]} Ba6 {[%clk 01:04:23]} {[%emt
00:00:54]} 12. Nf1 {[%clk 01:26:46]} {[%emt 00:00:12]} Rac8 {[%clk 01:01:55]}
{[%emt 00:02:59]} 13. Bf4 {[%clk 01:25:14]} {[%emt 00:02:01]} d4 {[%clk
00:51:31]} {[%emt 00:10:55]} 14. N1h2 {[%clk 01:24:56]} {[%emt 00:00:47]} Nd5
{[%clk 00:51:25]} {[%emt 00:00:37]} 15. Bg5 {[%clk 01:24:24]} {[%emt 00:01:01]}
h6 {[%clk 00:49:02]} {[%emt 00:02:54]} 16. Bc1 {[%clk 01:23:48]} {[%emt
00:01:05]} Nce7 {[%clk 00:45:10]} {[%emt 00:04:24]} 17. Ng4 {[%clk 01:22:41]}
{[%emt 00:01:36]} Nf5 {[%clk 00:45:07]} {[%emt 00:00:34]} 18. Nd2 {[%clk
01:21:39]} {[%emt 00:01:32]} Bb7 {[%clk 00:27:14]} {[%emt 00:18:22]} 19. Ne4
{[%clk 01:17:19]} {[%emt 00:04:49]} Bxe5 {[%clk 00:20:12]} {[%emt 00:07:33]} 20.
Nxh6+ {[%clk 01:11:49]} {[%emt 00:05:59]} Nxh6 {[%clk 00:18:08]} {[%emt
00:02:35]} 21. Bxh6 {[%clk 01:12:05]} {[%emt 00:00:13]} Bg7 {[%clk 00:18:33]}
{[%emt 00:00:05]} 22. Bxg7 {[%clk 01:11:54]} {[%emt 00:00:41]} Kxg7 {[%clk
00:19:02]} {[%emt 00:00:01]} 23. h5 {[%clk 01:11:12]} {[%emt 00:01:11]} Qe7
{[%clk 00:17:21]} {[%emt 00:02:12]} 24. hxg6 {[%clk 01:09:20]} {[%emt
00:02:21]} fxg6 {[%clk 00:17:23]} {[%emt 00:00:28]} 25. Qg4 {[%clk 01:09:30]}
{[%emt 00:00:20]} Rf5 {[%clk 00:13:00]} {[%emt 00:04:54]} 26. Re2 {[%clk
01:02:11]} {[%emt 00:07:49]} Re8 {[%clk 00:12:14]} {[%emt 00:01:17]} 27. Rae1
{[%clk 01:02:30]} {[%emt 00:00:09]} Bc8 {[%clk 00:11:09]} {[%emt 00:01:36]} 28.
c4 {[%clk 01:00:39]} {[%emt 00:02:20]} Nf6 {[%clk 00:06:05]} {[%emt 00:05:34]}
29. Nxf6 {[%clk 01:00:02]} {[%emt 00:01:07]} Qxf6 {[%clk 00:06:00]} {[%emt
00:00:36]} 30. Bc6 {[%clk 00:57:24]} {[%emt 00:03:07]} Rh8 {[%clk 00:04:26]}
{[%emt 00:02:04]} 31. f4 {[%clk 00:53:48]} {[%emt 00:04:06]} Kf7 {[%clk
00:03:45]} {[%emt 00:01:12]} 32. Bg2 {[%clk 00:50:10]} {[%emt 00:04:07]} Kg7
{[%clk 00:03:54]} {[%emt 00:00:22]} 33. b4 {[%clk 00:47:46]} {[%emt 00:02:54]}
Rf8 {[%clk 00:03:59]} {[%emt 00:00:26]} 34. bxc5 {[%clk 00:45:34]} {[%emt
00:02:42]} bxc5 {[%clk 00:03:25]} {[%emt 00:01:04]} 35. Re5 {[%clk 00:43:04]}
{[%emt 00:02:59]} Bd7 {[%clk 00:01:33]} {[%emt 00:02:23]} 36. Qd1 {[%clk
00:38:39]} {[%emt 00:04:53]} Rf7 {[%clk 00:00:59]} {[%emt 00:01:04]} 37. Qd2
{[%clk 00:38:44]} {[%emt 00:00:24]} Qe7 {[%clk 00:01:09]} {[%emt 00:00:20]} 38.
R5e2 {[%clk 00:38:47]} {[%emt 00:00:28]} Qd6 {[%clk 00:00:47]} {[%emt
00:00:22]} 39. Bh3 {[%clk 00:37:43]} {[%emt 00:01:34]} R5f6 {[%clk 00:01:21]}
{[%emt 00:00:27]} 40. Re5 {[%clk 00:37:52]} {[%emt 00:00:21]} Bc8 {[%clk
00:01:31]} {[%emt 00:00:20]} 41. R5e2 {[%clk 00:33:08]} {[%emt 00:05:13]} Qb6
{[%clk 00:01:14]} {[%emt 00:00:47]} 42. Rh2 {[%clk 00:32:19]} {[%emt 00:01:19]}
Rf8 {[%clk 00:01:32]} {[%emt 00:00:13]} 43. Bg2 {[%clk 00:29:20]} {[%emt
00:03:28]} Qd8 {[%clk 00:00:44]} {[%emt 00:01:19]} 44. Be4 {[%clk 00:27:42]}
{[%emt 00:02:06]} Rh8 {[%clk 00:01:07]} {[%emt 00:00:08]} 45. Rxh8 {[%clk
00:27:51]} {[%emt 00:00:22]} Kxh8 {[%clk 00:01:22]} {[%emt 00:00:15]} 46. Rb1
{[%clk 00:26:38]} {[%emt 00:01:42]} Qc7 {[%clk 00:01:35]} {[%emt 00:00:17]} 47.
Kg2 {[%clk 00:26:48]} {[%emt 00:00:20]} Kg8 {[%clk 00:01:46]} {[%emt 00:00:20]}
48. Qe2 {[%clk 00:25:18]} {[%emt 00:02:00]} Kg7 {[%clk 00:01:58]} {[%emt
00:00:18]} 49. Rh1 {[%clk 00:24:47]} {[%emt 00:01:00]} Bb7 {[%clk 00:01:08]}
{[%emt 00:01:22]} 50. Kf3 {[%clk 00:23:46]} {[%emt 00:01:30]} e5 {[%clk
00:00:59]} {[%emt 00:00:40]} 51. Qh2 {[%clk 00:24:05]} {[%emt 00:00:10]} Bxe4+
{[%clk 00:01:14]} {[%emt 00:00:16]} 52. dxe4 {[%clk 00:24:29]} {[%emt
00:00:06]} Qc6 {[%clk 00:00:44]} {[%emt 00:01:01]} 53. Qh8+ {[%clk 00:22:44]}
{[%emt 00:02:13]} Kf7 {[%clk 00:01:14]} 54. Rh7+ {[%clk 00:22:56]} {[%emt
00:00:20]} Ke6 {[%clk 00:01:43]} 55. Qg8+ {[%clk 00:23:06]} {[%emt 00:00:20]}
Kd6 {[%clk 00:02:03]} {[%emt 00:00:12]} 56. Qd8+ {[%clk 00:23:28]} {[%emt
00:00:08]} 1-0

[Event "Pohár města Říčany 2018"]
[Site "Městské kulturní středisko U labutě"]
[Date "2018.08.26"]
[Round "3.9"]
[White "Lhotsky, Frantisek"]
[Black "Rut, Vojtech"]
[Result "0-1"]
[WhiteElo "1737"]
[BlackElo "2123"]
[PlyCount "0"]
[EventDate "2018.08.25"]

1. d4 Nf6 2. c4 c5 3. Nf3 cxd4 4. Nxd4 b6 5. Nc3 Bb7 6. f3 Nc6 7. Nc2 g6 8. e4
Bg7 9. Be3 O-O 10. Be2 Rc8 11. O-O d6 12. Qd2 Ne5 13. b3 Qc7 14. Rac1 Rfd8
15. Rfd1 Qb8 16. Nb4 Ba8 17. Nbd5 Nxd5 18. Nxd5 Kf8 19. Bh6 Bxd5 20. cxd5 Qb7
21. Bxg7+ Kxg7 22. Qb2 Kg8 23. Rd2 Rxc1+ 24. Qxc1 Rc8 25. Rc2 Rxc2 26. Qxc2 b5
27. f4 Qb6+ 28. Kf1 Nd7 29. b4 Qe3 30. g3 Nf6 31. Qd3 Qc1+ 32. Kg2 Qb2 33. a3 a6
34. h3 h5 35. Kf2 Qa1 36. Kg2 Qe1 37. Bf3 h4 38. gxh4 Qxh4 39. e5 dxe5 40. fxe5
Qg5+ 0-1

[Event "Pohár města Říčany 2018"]
[Site "Městské kulturní středisko U labutě"]
[Date "2018.08.26"]
[Round "3.10"]
[White "Hosticka, Frantisek"]
[Black "Skacel, Jan"]
[Result "1/2-1/2"]
[WhiteElo "2087"]
[BlackElo "1961"]
[PlyCount "0"]
[EventDate "2018.08.25"]

1. e4 e5 2. Bb5 c6 3. Ba4 Nf6 4. Qe2 Bc5 5. c3 O-O 6. Nf3 d5 7. d3 dxe4 8. dxe4
Qc7 9. O-O Bg4 10. h3 Bh5 11. Bc2 Nbd7 12. Re1 Rfe8 13. Nbd2 Nf8 14. g4 Bg6
15. Nh4 Bb6 16. Qf3 Qd8 17. Nf5 Bc7 18. Nc4 Bxf5 19. gxf5 N6d7 20. Kh1 Kh8
21. Rg1 f6 22. Qh5 Re7 23. Rg2 Qe8 24. Qg4 g5 25. fxg6 hxg6 26. Bb3 Rh7 27. Be3
Qe6 28. Qxe6 Nxe6 29. Rxg6 Rxh3+ 30. Kg2 Rh7 31. Rd1 Ndc5 32. Bc2 b5 33. Nd2 Rg7
34. Rxg7 Kxg7 35. b4 Na4 36. Nb1 Bb6 37. Rd6 Nd8 38. Kf3 Kf7 39. Rd7+ Ke6
40. Rh7 Bxe3 41. Kxe3 Nb6 42. Bb3+ Kd6 43. Nd2 a5 44. Nf3 1/2-1/2

[Event "Pohár města Říčany 2018"]
[Site "Městské kulturní středisko U labutě"]
[Date "2018.08.26"]
[Round "3.11"]
[White "Rerabek, Jaroslav"]
[Black "Vetrovsky, Michal"]
[Result "0-1"]
[WhiteElo "1684"]
[BlackElo "2078"]
[PlyCount "0"]
[EventDate "2018.08.25"]

1. e4 c6 2. d4 d5 3. f3 dxe4 4. fxe4 e5 5. Nf3 Bg4 6. Bc4 Nd7 7. O-O Ngf6
8. Bg5 Be7 9. Nc3 exd4 10. Bxf6 Nxf6 11. e5 dxc3 12. exf6 Bxf6 13. Bxf7+ Kf8
14. Bb3 cxb2 15. Rb1 Qxd1 16. Rfxd1 Re8 17. Kf2 g6 18. h3 Bc8 19. Ne1 Kg7
20. Nd3 Rhf8 21. Kg3 Re2 22. Rf1 Bf5 23. Rbe1 Bxd3 24. cxd3 0-1

[Event "Pohár města Říčany 2018"]
[Site "Městské kulturní středisko U labutě"]
[Date "2018.08.26"]
[Round "3.12"]
[White "Vorisek, Jakub"]
[Black "Skala, Jaromir"]
[Result "0-1"]
[WhiteElo "2069"]
[BlackElo "1920"]
[PlyCount "0"]
[EventDate "2018.08.25"]

1. e4 e5 2. Nf3 Nc6 3. Bc4 Nf6 4. d4 exd4 5. O-O Nxe4 6. Re1 d5 7. Bxd5 Qxd5
8. Nc3 Qh5 9. Nxe4 Be6 10. Bg5 Bd6 11. Bf6 O-O 12. Nxd6 cxd6 13. Bxd4 Bg4
14. Bc3 Rad8 15. h3 Bxf3 16. Qxf3 Qxf3 17. gxf3 f6 18. Rad1 Kf7 19. Rd5 Rfe8
20. Red1 Re6 21. f4 Ke7 22. f5 Re4 23. Re1 Rxe1+ 24. Bxe1 Kd7 25. f4 Re8 26. Kf2
Re4 27. Bd2 Rd4 28. Rxd4 Nxd4 29. Be3 Nxc2 30. Bxa7 Nb4 31. Be3 Nd3+ 32. Kf3
Nxb2 33. Ke4 Kc6 34. Kd4 d5 35. Bd2 Nc4 36. Bb4 Nd6 37. a4 Nxf5+ 38. Kd3 Nd6
39. Kd4 h6 0-1

[Event "Pohár města Říčany 2018"]
[Site "Městské kulturní středisko U labutě"]
[Date "2018.08.26"]
[Round "3.13"]
[White "Lhotsky, Zdenek"]
[Black "Koubova, Anna Marie"]
[Result "1/2-1/2"]
[WhiteElo "1923"]
[BlackElo "2086"]
[PlyCount "0"]
[EventDate "2018.08.25"]

1. e4 c5 2. Nf3 e6 3. d4 cxd4 4. Nxd4 Nf6 5. Nc3 Nc6 6. Ndb5 Bb4 7. a3 Bxc3+
8. Nxc3 d5 9. exd5 exd5 10. Bd3 O-O 11. O-O d4 12. Ne2 Bg4 13. f3 Bh5 14. Bg5
Bg6 15. Qd2 Qd6 16. Rad1 Rad8 17. Bxg6 hxg6 18. Be3 d3 19. cxd3 Ne5 20. Bf4 Qxd3
21. Qe1 Qb5 22. Nd4 Rxd4 23. Rxd4 Nc6 24. Rd2 g5 25. Bg3 g4 26. fxg4 Nxg4
27. Re2 Nd4 28. Rd2 Re8 29. Rxd4 Rxe1 30. Rxe1 f5 31. Rb4 Qc5+ 32. Kh1 a5
33. Rxb7 f4 34. Bh4 Qh5 35. Rb8+ Kf7 36. Rb7+ Kg6 37. Rb6+ Kh7 38. Rb3 Ne3
39. Bf2 Ng4 40. Bg1 Nh6 41. Rf3 1/2-1/2

[Event "Pohár města Říčany 2018"]
[Site "Městské kulturní středisko U labutě"]
[Date "2018.08.26"]
[Round "3.14"]
[White "Simecek, Bohumil"]
[Black "Hadrava, Jaroslav"]
[Result "1-0"]
[WhiteElo "2079"]
[BlackElo "1913"]
[PlyCount "0"]
[EventDate "2018.08.25"]

1. d4 d6 2. c4 g6 3. e4 Bg7 4. Nc3 Nc6 5. Be3 e5 6. d5 Nd4 7. Nge2 Nxe2 8. Bxe2
f5 9. f3 Nf6 10. h3 f4 11. Bf2 Nh5 12. Qd2 O-O 13. O-O-O Rf7 14. Kb1 Qf8
15. Rhe1 Bh6 16. Rc1 a6 17. Bd1 Bd7 18. Ba4 Qe8 19. Bxd7 Qxd7 20. Rc2 Bf8
21. Ne2 b6 22. Nc1 Be7 23. Nd3 Qd8 24. Rec1 Bh4 25. Bg1 Qe8 26. Nb4 Nf6 27. Nc6
Nd7 28. b4 Nb8 29. Nxb8 Qxb8 30. Rb2 Ra7 31. c5 bxc5 32. bxc5 Rb7 33. c6 Rb5
34. a4 Rxb2+ 35. Qxb2 Rf8 36. Qb7 Rc8 37. Ka2 Qa8 38. Rb1 Kf8 39. Ba7 Ke8
40. Qxa6 Bf2 41. Rb7 Kd8 42. Kb3 Be3 43. Kc4 Bf2 44. Kb5 Bxa7 45. Qxa7 Qxa7
46. Rxa7 Rb8+ 47. Rb7 Ra8 48. a5 Kc8 49. a6 Rb8 50. Ka5 h6 51. a7 Rxb7 52. a8=Q+
Rb8 53. Qa6+ Kd8 54. Qb7 1-0

[Event "Pohár města Říčany 2018"]
[Site "Městské kulturní středisko U labutě"]
[Date "2018.08.26"]
[Round "3.15"]
[White "Vlkova, Anezka"]
[Black "Pycha, Patrik"]
[Result "1/2-1/2"]
[WhiteElo "1901"]
[BlackElo "2049"]
[PlyCount "0"]
[EventDate "2018.08.25"]

1. Nf3 Nf6 2. g3 d6 3. d4 Nbd7 4. Bg2 g6 5. O-O Bg7 6. c4 O-O 7. Nc3 Re8 8. e4
e5 9. d5 a5 10. Ne1 Nc5 11. Nd3 Nxd3 12. Qxd3 Nd7 13. Be3 b6 14. f4 exf4
15. gxf4 Nf6 16. Bd4 Rb8 17. Rae1 Nh5 18. Nb5 Bh6 19. Be3 Bd7 20. Nd4 Bg7
21. Bd2 Qc8 22. Kh1 f5 23. exf5 Rxe1 24. Rxe1 Bxf5 25. Nxf5 Qxf5 26. Be4 Qf8
27. f5 gxf5 28. Bxf5 Nf6 29. Rg1 Kh8 30. Bc3 Re8 31. Bxf6 Qxf6 32. Bxh7 Qh6
33. Be4 Be5 34. h3 Qf4 35. Qe2 Qh2+ 36. Qxh2 Bxh2 37. Kxh2 Rxe4 38. b3 a4
39. Rg4 Re2+ 40. Rg2 Re4 41. Rb2 axb3 42. axb3 Re3 1/2-1/2

[Event "Pohár města Říčany 2018"]
[Site "Městské kulturní středisko U labutě"]
[Date "2018.08.26"]
[Round "3.16"]
[White "Pacl, Vaclav"]
[Black "Pavlicek, Petr"]
[Result "1-0"]
[WhiteElo "2033"]
[BlackElo "1891"]
[PlyCount "0"]
[EventDate "2018.08.25"]

1. d4 Nf6 2. Nf3 g6 3. Nbd2 d5 4. e3 Bg7 5. b4 a5 6. b5 c5 7. bxc6 bxc6 8. Ba3
O-O 9. c4 Re8 10. Qa4 Bf5 11. Ne5 Qb6 12. cxd5 cxd5 13. Bb5 Bc2 14. Nb3 Rc8
15. Bc5 Qc7 16. Rc1 Bxb3 17. axb3 e6 18. O-O Na6 19. Bxa6 Rxa6 20. b4 Raa8
21. b5 Nd7 22. Ba3 Qb7 23. Nc6 Bf8 24. Bxf8 Rxf8 25. Rb1 Nb6 26. Qa3 Nc4 27. Qc3
Qb6 28. e4 Rfe8 29. Rfe1 a4 30. exd5 exd5 31. Ne7+ Rxe7 32. Rxe7 a3 33. Qf3 1-0

[Event "Pohár města Říčany 2018"]
[Site "Městské kulturní středisko U labutě"]
[Date "2018.08.26"]
[Round "3.17"]
[White "Otruba, Marek"]
[Black "Cermak, Jan"]
[Result "0-1"]
[WhiteElo "2005"]
[BlackElo "1878"]
[PlyCount "0"]
[EventDate "2018.08.25"]

1. d4 f5 2. e4 fxe4 3. Nc3 Nf6 4. Bg5 g6 5. d5 Bg7 6. h4 d6 7. Be2 h6 8. Bxf6
Bxf6 9. Bg4 Bxc3+ 10. bxc3 Nd7 11. h5 g5 12. Bxd7+ Qxd7 13. Qd4 Rf8 14. Ne2 e5
15. Qxe4 Qf5 16. f3 Qxe4 17. fxe4 Bg4 18. Kd2 Rf2 19. Rae1 Rxg2 20. Rhg1 Rxe2+
21. Rxe2 Bxe2 22. Kxe2 Ke7 23. Ke3 Rf8 24. c4 Rf4 25. Rh1 Kd7 26. c3 b6 27. a4
Kc8 28. Rh2 Kb7 29. a5 bxa5 30. c5 dxc5 31. c4 a6 32. Rb2+ Ka7 33. Ra2 Rh4
34. Rf2 Rf4 35. Ra2 g4 36. Rxa5 Kb6 37. Ra1 g3 38. Rd1 g2 39. Rg1 Rg4 40. Kf3
Rg5 41. Kf2 a5 42. Rb1+ Ka6 43. Kg1 a4 44. Rb5 Rg3 45. Rxc5 a3 46. Rc6+ Kb7
47. Rc5 Rg4 48. Ra5 Rxe4 49. c5 Rd4 50. d6 cxd6 51. cxd6 Rxd6 52. Rxa3 Kc6
53. Ra5 Re6 54. Kxg2 Kd6 55. Kf3 Ke7 56. Ke2 Kf6 57. Rb5 Ra6 58. Rb4 Ra5 59. Rb1
Ra4 60. Ke3 Kf5 61. Rb6 Ra3+ 62. Kf2 Kg5 63. Rb5 Kf4 64. Rb6 Ra2+ 65. Ke1 e4
66. Rb3 Rh2 67. Rb5 Kf3 68. Rf5+ Ke3 69. Kf1 Rh4 70. Rd5 Kf3 71. Rf5+ Rf4
72. Rd5 Kg4+ 73. Ke2 Rf5 74. Rd4 Kf4 75. Rd8 Rxh5 76. Rf8+ Rf5 0-1

[Event "Pohár města Říčany 2018"]
[Site "Městské kulturní středisko U labutě"]
[Date "2018.08.26"]
[Round "3.18"]
[White "Vilimova, Julie"]
[Black "Polansky, Adam Lubos"]
[Result "0-1"]
[WhiteElo "1836"]
[BlackElo "1990"]
[PlyCount "0"]
[EventDate "2018.08.25"]

1. d4 Nf6 2. c4 e6 3. Nc3 d5 4. Bg5 Be7 5. e3 Nbd7 6. Bd3 O-O 7. Qc2 h6 8. h4
dxc4 9. Bxc4 c5 10. O-O-O Qa5 11. Nf3 a6 12. g4 cxd4 13. Rxd4 b5 14. Be2 b4
15. Na4 Bb7 16. Bxf6 Bxf6 17. Rc4 Rac8 18. Rh3 Rxc4 19. Bxc4 Bxf3 20. Rxf3 Rc8
21. b3 Bxh4 22. Kb1 Bf6 23. Rf4 Be5 24. Rf3 Nf6 25. Qd3 Rd8 26. Qe2 Rd6 27. Rh3
Ne4 28. f4 Rd2 29. Qf3 Nc3+ 30. Nxc3 Bxc3 0-1

[Event "Pohár města Říčany 2018"]
[Site "Městské kulturní středisko U labutě"]
[Date "2018.08.26"]
[Round "3.19"]
[White "Stanek, Ondrej"]
[Black "Elias, Jakub"]
[Result "1-0"]
[WhiteElo "1966"]
[BlackElo "1794"]
[PlyCount "0"]
[EventDate "2018.08.25"]

1. e4 c5 2. Nf3 d6 3. Bb5+ Bd7 4. Bxd7+ Qxd7 5. O-O Nc6 6. c3 Nf6 7. d4 cxd4
8. cxd4 e6 9. d5 Ne5 10. dxe6 Nxf3+ 11. Qxf3 fxe6 12. Rd1 Qf7 13. Nc3 Be7
14. Bf4 Rd8 15. Nb5 e5 16. Nc7+ Kf8 17. Be3 Rd7 18. Rac1 Kg8 19. Qh3 Bf8 20. Ne6
h6 21. Rc8 Ne8 22. Bxa7 Re7 23. Nxf8 Qxf8 24. Bb8 Qf7 25. Rd8 Kh7 26. b3 Rf8
27. f3 Qf4 28. Bxd6 Nxd6 29. Rxf8 Qxf8 30. Rxd6 Rc7 31. Qf5+ Qxf5 32. exf5 Rc1+
33. Kf2 Rc2+ 34. Kg3 Rxa2 35. Rb6 1-0

[Event "Pohár města Říčany 2018"]
[Site "Městské kulturní středisko U labutě"]
[Date "2018.08.26"]
[Round "3.20"]
[White "Simak, Roman"]
[Black "Maly, Filip"]
[Result "0-1"]
[WhiteElo "1819"]
[BlackElo "1954"]
[PlyCount "0"]
[EventDate "2018.08.25"]

1. d4 Nf6 2. f4 g6 3. Nf3 Bg7 4. e3 d6 5. Be2 O-O 6. O-O c5 7. dxc5 dxc5
8. Qxd8 Rxd8 9. Ne5 Bf5 10. Nc3 Nbd7 11. Bd3 Bxd3 12. Nxd3 c4 13. Nf2 e5 14. Bd2
Nc5 15. Rad1 exf4 16. exf4 Ne6 17. Be3 a6 18. a4 b5 19. axb5 axb5 20. Rxd8+ Rxd8
21. Rd1 Rxd1+ 22. Nfxd1 b4 23. Ne2 Nd5 24. Kf2 Kf8 25. c3 b3 26. Kf3 Ke7 27. Bc1
Kd6 28. Ne3 Nxe3 29. Bxe3 Kd5 30. Ng1 Bxc3 31. Bc1 Bg7 0-1

[Event "Pohár města Říčany 2018"]
[Site "Městské kulturní středisko U labutě"]
[Date "2018.08.26"]
[Round "3.21"]
[White "Kovar, Jan"]
[Black "Svetly, Jiri"]
[Result "0-1"]
[WhiteElo "1810"]
[BlackElo "1943"]
[PlyCount "0"]
[EventDate "2018.08.25"]

1. e4 d6 2. d4 Nf6 3. Nc3 g6 4. Be3 Bg7 5. Qd2 c6 6. f3 b5 7. e5 b4 8. exf6
bxc3 9. bxc3 (9. Qxc3 Bxf6 10. Bc4 O-O 11. Ne2 Nd7 12. Bh6 Re8 13. Qd2 e5
14. O-O exd4 15. Nxd4 Qb6 16. c3 d5 17. Be2 Rb8 18. Rab1 c5 19. Nb3 a5 20. Kh1
a4 21. Nc1 Qe6 22. Bf4 Rb6 23. Bd1 Ba6 24. Rg1 Bb5 25. Bg3 Ne5 26. Re1 Qd7
27. b3 axb3 28. axb3 Rbe6 29. h3 h5 30. Bc2 Nxf3 31. gxf3 Rxe1+ 32. Bxe1 Qxh3+
33. Kg1 Qf1+ 34. Kh2 Rxe1) 0-1

[Event "Pohár města Říčany 2018"]
[Site "Městské kulturní středisko U labutě"]
[Date "2018.08.26"]
[Round "3.22"]
[White "Dome, Michal"]
[Black "Salac, Jiri"]
[Result "0-1"]
[WhiteElo "1755"]
[BlackElo "1958"]
[PlyCount "0"]
[EventDate "2018.08.25"]

1. d4 d5 2. c4 c6 3. Nf3 Nf6 4. Nc3 dxc4 5. a4 e6 6. e3 b6 7. Bxc4 Ba6 8. Bxa6
Nxa6 9. O-O Be7 10. Qe2 Nb4 11. Rd1 O-O 12. e4 Qc7 13. Bg5 Rfd8 14. Rac1 Qb7
15. Qc4 Rac8 16. Bxf6 gxf6 17. Qe2 Kh8 18. Qe3 c5 19. e5 cxd4 20. Rxd4 Rxd4
21. Qxd4 f5 22. Qe3 Rg8 23. Nb5 Bc5 24. Qb3 Nd5 25. Rc4 Ne3 26. Rxc5 Qxf3 0-1

[Event "Pohár města Říčany 2018"]
[Site "Městské kulturní středisko U labutě"]
[Date "2018.08.26"]
[Round "3.23"]
[White "Hlavacek, Ondrej"]
[Black "Jun, Rudolf"]
[Result "0-1"]
[WhiteElo "1737"]
[BlackElo "1905"]
[PlyCount "0"]
[EventDate "2018.08.25"]

1. Nf3 Nf6 2. g3 g6 3. Bg2 Bg7 4. O-O O-O 5. c4 d6 6. d4 c6 7. Nc3 Qa5 8. Bd2
Qc7 9. d5 a6 10. Qc1 Re8 11. Re1 e5 12. e4 Nbd7 13. Qc2 c5 14. Rab1 b6 15. a3
Nh5 16. Qd3 Rf8 17. Ng5 h6 18. Nh3 f5 19. exf5 gxf5 20. Kh1 Ndf6 21. b4 Bd7
22. bxc5 bxc5 23. Rb3 Rab8 24. Reb1 Rxb3 25. Rxb3 Rb8 26. Qb1 Rxb3 27. Qxb3 e4
28. Nf4 Nxf4 29. Bxf4 Ng4 30. Kg1 Bd4 31. Nd1 Qa5 32. Qb8+ Kf7 33. Bxd6 Bxf2+
0-1

[Event "Pohár města Říčany 2018"]
[Site "Městské kulturní středisko U labutě"]
[Date "2018.08.26"]
[Round "3.24"]
[White "Havel, Jan"]
[Black "Havelka, Petr"]
[Result "1/2-1/2"]
[WhiteElo "1710"]
[BlackElo "1847"]
[PlyCount "0"]
[EventDate "2018.08.25"]

1. e4 d5 2. exd5 Qxd5 3. Nc3 Qd8 4. Nf3 Nf6 5. d4 Bf5 6. Bf4 c6 7. Bd3 Bxd3
8. Qxd3 e6 9. O-O Be7 10. Rad1 O-O 11. Ne4 Nxe4 12. Qxe4 Qd5 13. Qxd5 cxd5
14. Rfe1 Nc6 15. c3 Rac8 16. Ne5 Rfd8 17. Nxc6 Rxc6 18. Rc1 Rdc8 19. Rc2 b5
20. a3 Rc4 21. Rd1 Bf6 22. Rcd2 Be7 23. Rc2 a5 24. Rd3 b4 25. axb4 axb4 26. g3
h6 27. Rc1 1/2-1/2